000 00604nam a2200181 a 4500
001 000031380
005 20200930062905.0
008 110113s1984 dr 001 0 spa d
040 _aDO-SdBNP
_bspa
_cBNPHU
082 _axxxx
_bE56
111 2 _aEncuentro internacional de escritores "Pablo Neruda".
_d(1983, sept. 5-11 :
_cSanto Domingo )
_957803
245 1 0 _aEncuentro internacional de escritores "Pablo Neruda". /.
260 _aSanto Domingo :
_bUASD,
_c1984.
300 _a77 p. ;
_c28 cm.
490 1 _aArte y sociedad
_v34, no. 13
830 0 _aArte y sociedad
_v34, no. 13
_924375
049 _aBNPD
999 _c30872
_d30872